000 00936cam a2200337 4500
001 ABS64768
008 011122n2001 000 0 eng u
035 _a(Sirsi) u115682
245 _aRegional survey: Kent
260 _c2001
490 _aProperty Week
_v66(44) 2 November 2001, 83-96(6)
590 _aABS
650 _aKENT
650 _aTHANET
650 _aPROPERTY-COMMERCIAL PROPERTY-RETAIL PROPERTY-RETAIL PROPERTY MARKET
650 _aRETAIL RENTS
650 _aCANTERBURY
650 _aMAIDSTONE
650 _aTUNBRIDGE WELLS
650 _aCHATHAM
650 _aGRAVESEND
650 _aASHFORD
650 _aFOLKSTONE
650 _aDARTFORD
650 _aMARGATE
650 _aHEMPSTEAD VALLEY
650 _aINDUSTRIAL MARKET
650 _aPROPERTY-COMMERCIAL PROPERTY-OFFICE PROPERTY-OFFICE PROPERTY MARKET
690 _aPROPERTY-COMMERCIAL PROPERTY-COMMERCIAL PROPERTY MARKET
942 _n0
999 _c68900
_d68900